000 00646nam a22002297a 4500
003 UA-OsUOA
001 125335
007 ta
008 20170914b un ||||| |||| 00| 0 ukr d
090 _a821.161.2
_bЗ-54
942 _cBK
040 _aUA-OsUOA
_bukr
_cUA-OsUOA
_dUA-OsUOA
245 _aЗемна нев'януча краса
_bзбірник
300 _a453 с.
955 _a3
041 _aukr
080 _a821.161.2
260 _aК.
_bДніпро
_c1986
246 3 1 _aУкраїнська пейзажна лірика
_n
650 7 _a82 Література. Літературознавство
_2UDC
999 _c412554
_d412554